WWE - Champion des États-Unis par jour de règne - Statistiques

Statistiques générales
  • Ce quiz a été pris 180 fois
  • Le résultat moyen est 27 sur 103
Statistiques - réponses
Nombre de jour Champion % Correct
428 John Cena
93%
26 Randy Orton
81%
351 Dean Ambrose
74%
131 Rey Mysterio
73%
107 Roman Reigns
71%
75 Seth Rollins
69%
147 The Big Show
67%
321 The Miz
67%
6 Edge
61%
84 Matt Hardy
60%
355 Sheamus
60%
85 Chris Jericho
59%
209 Kofi Kingston
58%
90 Jeff Hardy
57%
419 MVP
57%
184 Dolph Ziggler
55%
Champ Actuel : 22+ LA Knight
55%
273 Logan Paul
55%
92 Kevin Owens
54%
225 A.J. Styles
52%
324 Bobby Lashley
49%
709 Ric Flair
49%
333 Austin Theory
46%
90 Alberto Del Rio
45%
177 Daniel Bryan
44%
313 Rusev
43%
161 Eddie Guerrero
42%
186 Bret Hart
41%
239 Cesaro
41%
50 Jack Swagger
41%
54 JBL
41%
56 R-Truth
40%
158 Shinsuke Nakamura
39%
243 Shelton Benjamin
36%
357 Chris Benoit
35%
49 Finn Bálor
35%
8 Jinder Mahal
35%
21 Kurt Angle
35%
21 Ricochet
35%
29 Zack Ryder
35%
266 Booker T
33%
42 Carlito
33%
190 Damian Priest
33%
95 Samoa Joe
32%
148 Andrade
28%
167 Santino Marella
27%
92 Goldberg
25%
122 Kalisto
25%
71 Baron Corbin
24%
50 Finlay
23%
42 Mr Kennedy
23%
240 Steve Austin
23%
950 Lex Luger
22%
55 Bobby Roode
21%
97 Apollo Crews
19%
234 Sting
17%
49 Riddle
15%
141 Dusty Rhodes
12%
222 Roddy Piper
11%
171 Orlando Jordan
10%
29 Rhyno
9%
267 Ricky Steamboat
9%
66 Scott Hall
9%
378 Rick Rude
8%
169 Scott Steiner
8%
88 Vader
8%
184 Jeff Jarrett
7%
233 Jimmy Snuka
7%
305 Sgt. Slaughter
7%
184 Harley Race
6%
115 Lance Storm
5%
1 Raven
5%
13 Tajiri
5%
20 Terry Funk
5%
85 Dean Malenko
4%
100 Jim Duggan
4%
41 Rick Steiner
4%
283 Barry Windham
3%
104 Curt Hennig
3%
35 David Flair
3%
147 Diamond Dallas Page
3%
392 Greg Valentine
3%
15 Michael Hayes
3%
500 Blackjack Mulligan
2%
22 Bobo Brazil
2%
46 Chris Kanyon
2%
229 Dustin Rhodes
2%
160 Konnan
2%
274 Magnum T.A.
2%
328 Nikita Koloff
2%
150 Paul Jones
2%
22 Shane Douglas
2%
42 Sid Vicious
2%
300 Wahoo McDaniel
2%
129 Dick Slater
1%
93 Johnny Valentine
1%
44 Kensuke Sasaki
1%
22 Mr Wrestling
1%
33 One Man Gang
1%
50 Stan Hansen
1%
130 Tully Blanchard
1%
64 Gen. Rection
0%
25 Steve McMichaels
0%
Aucun quiz correspondant
Distribution des résultats
% des personnes avec chaque résultat
Percentile par nombre de réponses
Votre historique - résultats
Vous n’avez pas pris ce quiz